| 000 | 00821nam a2200265Ia 4500 | ||
|---|---|---|---|
| 003 | OSt | ||
| 005 | 20220927105748.0 | ||
| 006 | a|||||r|||| 00| 0 | ||
| 007 | ta | ||
| 008 | 220926b |||||||| |||| 00| 0 eng d | ||
| 024 | _a206843 | ||
| 037 | _cReference Collections | ||
| 040 |
_aRTL _cRTL _beng |
||
| 041 |
_2eng _aeng |
||
| 082 | _a"YX.2, Q1.1-.2/GD" | ||
| 100 | _aWORLD BANK | ||
| 110 | _aWORLD BANK | ||
| 245 | 0 | _aSocial protection for a changing India. 2Vols. | |
| 260 |
_a"Washington," _b"D.C., World Bank, " _c2011 |
||
| 490 |
_v"01456694: V1 (xxiv,62p)" _aLecture Notes in Geoinformation and Cartography |
||
| 500 | _aBibliography chapterwise | ||
| 700 | _aWORLD BANK | ||
| 942 |
_h"YX.2, Q1.1-.2/GD" _cCC |
||
| 999 |
_c694479 _d694479 |
||